| 000 | 00769cam a2200253 a 4500 | ||
|---|---|---|---|
| 008 | |||
| 020 | _a0412253402 (pbk.) | ||
| 049 | _aMAIN | ||
| 090 | _aQA276 | ||
| 100 | 1 | _aChatfield, Christopher. | |
| 245 | 1 | 0 |
_aStatistics for technology : _ba course in applied statistics / _cChristopher Chatfield. |
| 250 | _a3rd ed. | ||
| 260 |
_aLondon : _bChapman and Hall, _c1983. |
||
| 300 |
_a381 p. : _bill. ; _c21 cm. |
||
| 440 | 0 |
_aScience paperbacks ; _v114 |
|
| 500 | _aIncludes index. | ||
| 504 | _aIncludes bibliographical references. | ||
| 650 | 0 |
_aEngineering _xStatistical methods. |
|
| 907 |
_a.b10033919 _b29-01-07 _c17-04-03 |
||
| 003 | |||
| 005 | 20230123133827.0 | ||
| 040 | _cNUST | ||
| 942 |
_cBOOKS _kQA276 |
||
| 999 |
_c155303 _d155303 |
||